Selbstbestimmt und effizient lernen Wie die Neurowissenschaften uns dabei helfen können

Gespeichert in:
Bibliographische Detailangaben
1. Verfasser: Kuntermann, Magdalena
Format: Buch
Sprache:Deutsch
Veröffentlicht: München FQL Publishing [2020]
Schlagworte:
Tags: Tag hinzufügen
Keine Tags, Fügen Sie das erste Tag hinzu!

MARC

LEADER 00000nam a2200000 4500
001 0301331
005 20240802102151.4
020 |a 978-3-947104-81-9 
041 0 |a ger 
044 |a DE 
245 1 0 |a Selbstbestimmt und effizient lernen  |b Wie die Neurowissenschaften uns dabei helfen können  |c Magdalena Kuntermann 
264 1 |a München  |b FQL Publishing  |c [2020] 
300 |a 116 s. 
610 2 0 |a vyučovanie 
610 2 0 |a vzdelávanie 
610 2 0 |a efektívnosť vzdelávania 
610 2 0 |a neuroveda 
100 1 |a Kuntermann, Magdalena